Llegó rasgando cielos, luz y vientos : (Record no. 22511)

000 -CABECERA
fixed length control field 01002nam a22002657a 4500
003 - IDENTIFICADOR DEL NÚMERO DE CONTROL
control field AR-CdUCM
008 - DATOS DE LONGITUD FIJA--INFORMACIÓN GENERAL
fixed length control field 190425b ||||| |||| 00| 0 spa d
020 ## - NÚMERO INTERNACIONAL ESTÁNDAR DEL LIBRO
ISBN 9786124391279
040 ## - FUENTE DE LA CATALOGACIÓN
Agencia/entidad que catalogó originalmente la obra MUNICIPALIDAD PROVINCIAL DEL CUSCO
Entidad que transcribió la catalogación BIBLIOTECA MUNICIPAL DEL CUSCO
082 ## - NÚMERO DE LA CLASIFICACIÓN DECIMAL DEWEY
No. de Clasificación 780.92/S26L
Notacion interna S26L
100 ## - ENTRADA PRINCIPAL--NOMBRE DE PERSONA
Nombre Personal Sarmiento Herencia, Rodrigo
245 ## - MENCIÓN DE TÍTULO
Título Llegó rasgando cielos, luz y vientos :
Resto del título vida y obra de Chabuca Granda /
Mención de responsabilidad Rodrigo Sarmiento Herencia
260 ## - PUBLICACIÓN, DISTRIBUCIÓN, ETC.
Lugar de publicación, distribución, etc. Lima :
Nombre de la editorial, distribuidor, etc. Ministerio de Cultura,
Fecha de publicación, distribución, etc. 2020.
300 ## - DESCRIPCIÓN FÍSICA
Nº de Páginas Extensión 252 páginas. :
Otros detalles físicos ilustraciones en color ;
Dimensiones 25 cm.
500 ## - NOTA GENERAL
Bibliografía Bibliografía: páginas 243-252.
650 ## - PUNTO DE ACCESO ADICIONAL DE MATERIA--TÉRMINO DE MATERIA
Descriptor Granda, Chabuca
9 (RLIN) 48375
650 ## - PUNTO DE ACCESO ADICIONAL DE MATERIA--TÉRMINO DE MATERIA
Descriptor Compositores
9 (RLIN) 48376
650 ## - PUNTO DE ACCESO ADICIONAL DE MATERIA--TÉRMINO DE MATERIA
Descriptor Criollos
9 (RLIN) 48377
650 ## - PUNTO DE ACCESO ADICIONAL DE MATERIA--TÉRMINO DE MATERIA
Descriptor Música
9 (RLIN) 1443
650 ## - PUNTO DE ACCESO ADICIONAL DE MATERIA--TÉRMINO DE MATERIA
Descriptor Siglo XX
9 (RLIN) 48378
650 ## - PUNTO DE ACCESO ADICIONAL DE MATERIA--TÉRMINO DE MATERIA
Descriptor Perú
9 (RLIN) 48379
856 ## - LOCALIZACIÓN Y ACCESO ELECTRÓNICOS
Identificador Uniforme de Recurso (URI) <a href="https://geoportal.cultura.gob.pe/assets/patinmaterial/archivos/doc/280920_Llego_rasgando_cielos_luz_y_vientos.pdf">https://geoportal.cultura.gob.pe/assets/patinmaterial/archivos/doc/280920_Llego_rasgando_cielos_luz_y_vientos.pdf</a>
Nota pública Leer en pdf
942 ## - ELEMENTOS DE PUNTO DE ACCESO ADICIONAL (KOHA)
Fuente de clasificación
Tipo de item Libros-BMC
945 ## - PROCESAMIENTO DE INFORMACIÓN LOCAL (OCLC)
Catalogador rac
Holdings
Estado de retiro (separado) Fuente de clasificación o esquema de estanterías Estado dañado Ubicación Sala donde se ubica Nombre de la colección Fecha de adquisición o compra Fuente de adquisición Costo, precio normal en soles Signatura topográfica Código de Barras Última vez visto (Koha) Tipo de ítem (Koha)
No     Sala Artes Sala Artes Book Cart 2022-09-06 Donación 30.00 780.92/S26L SA0000000747 2022-09-06 Libros-BMC
No     Sala Artes Sala Artes Book Cart 2022-09-06 Donación 30.00 780.92/S26L/e.2 SA0000000748 2022-09-06 Libros-BMC

Powered by Koha